000 01960nam a2200277 a 4500
001 BRCA_8792
005 20190320210419.0
008 190417s1727----sp-#######---#000-0#spa-#
041 _aspa
044 _asp
084 _aBE172
_b.B68 1727
100 1 _aBote, Pedro
_921918
245 1 0 _aTesoro de la doctrina christiana
_ben el qual se forma de platicas espirituales, se explica lo que el christiano debe saber, y entender para saber bien orar, obrar, y creer: dividido en tres partes: segunda parte. en la qual se explican las tras virtudes teologales, fé, esperanza, y caridad: los siete sacramentos de la iglesia: los diez preceptos de decalgo: y los cinco mandamientos de la santa madre iglesia: tu mandasti mandat tua custodiri nimis
_cañadida, y enmendadapor su autor el hermano Pedro Bote...
260 _aMadrid
_bPor Bernardo Peralta
_c1727
300 _a[2], [3], 419 p.
_c20.6 x 15 cm.
500 _aCon privilegio
500 _aEn portada: Dedicada al excelentissimo señor D. Rodrigo Annès, Sà, Almeyda, y Meneses, Marqués de Abrahantes, &c.
500 _aEstado físico: presenta encuadernación en pergamino, con lomo semi desprendido, algunas hojas manchadas y cintas rotas
500 _aCon marca de fuego: “Procedencia de la marca: Convento de San Francisco de Querétaro(1). Institución: Orden de Frailes Menores. Provincia de San Pedro y San Pablo de Michoacán. Descripción: Monograma conformado por las letras iniciales S[an] F[rancisco] D[e] Q[uerétar]o. Observaciones: David Saavedra la asigna a la Academia de Dibujo de San Fernando de Querétaro. Ubicación de la marca en el libro: Canto superior e inferior”
650 1 4 _aPastoral
_921919
650 1 4 _aTeología
_yS. XVIII
_921920
700 1 _aperalta, Bernardo
_eImpresor
_921921
856 _ahttp://www.marcasdefuego.buap.mx:8180/xmLibris/projects/firebrand/item.jsp?repository=marcas_de_fuego&key=520e29d1.xml&num=16
902 _aCFM
942 _2lcc
_cB
999 _c8443
_d8443